[Event "SVK-chT3B2 2223"]
[Site "Slovakia"]
[Date "2022.12.18"]
[Round "4.3"]
[White "Mysiak, Juraj"]
[Black "Kothaj, Peter"]
[Result "1-0"]
[WhiteElo "1868"]
[BlackElo "1780"]
[PlyCount "111"]
[EventDate "2022.10.23"]
[EventType "team-tourn"]
[EventRounds "11"]
[EventCountry "SVK"]
[SourceTitle "EXT 2024"]
[Source "ChessBase"]
[SourceDate "2023.10.10"]
[SourceVersion "1"]
[SourceVersionDate "2023.10.10"]
[SourceQuality "1"]
[WhiteTeam "Povazska Bystrica Sparta II"]
[BlackTeam "Handlova"]
[WhiteTeamCountry "SVK"]
[BlackTeamCountry "SVK"]

1. b3 Nc6 2. Bb2 e5 3. e3 Nf6 4. Nf3 e4 5. Nd4 d5 6. Nxc6 bxc6 7. c4 Be7 8. Be2 Rb8 9. 0-0 0-0 10. Qc2 Bg4 11. Bxg4 Nxg4 12. h3 Nf6 13. d3 dxc4 14. dxc4 Qd3 15. Qxd3 exd3 16. Nd2 Nd7 17. Ne4 f5 18. Nc3 Nc5 19. Rad1 Bf6 20. Rd2 a6 21. Rfd1 a5 22. Na4 Nxa4 23. Bxf6 Rxf6 24. bxa4 Rb4 25. Rc1 Rd6 26. Rc3 Rxa4 27. Kh2 Kf7 28. Kg3 Rxa2 29. Rxa2 d2 30. Rxd2 Rxd2 31. Ra3 Ke6 32. Rxa5 Rc2 33. Ra4 Kf6 34. Kf3 g6 35. g4 fxg4+ 36. hxg4 g5 37. Kg3 Rc3 38. Kf3 h6 39. Ke4 Ke6 40. Kd4 Rc2 41. f3 Kd6 42. Ra5 c5+ 43. Kd3 Rb2 44. Ra8 Ke5 45. Re8+ Kf6 46. Rf8+ Kg6 47. Ke4 Rd2 48. Rf5 Rd6 49. Rxc5 Re6+ 50. Re5 Rc6 51. c5 Kf6 52. f4 Ra6 53. Kd5 c6+ 54. Kd6 gxf4 55. exf4 Ra5 56. g5+ 1-0

[Event "SVK-chT1W 2223"]
[Site "Slovakia"]
[Date "2022.12.03"]
[Round "5.7"]
[White "Lasch, Miroslav"]
[Black "Mysiak, Juraj"]
[Result "1/2-1/2"]
[WhiteElo "2072"]
[BlackElo "1868"]
[PlyCount "91"]
[EventDate "2022.10.15"]
[EventType "team-tourn"]
[EventRounds "11"]
[EventCountry "SVK"]
[SourceTitle "EXT 2024"]
[Source "ChessBase"]
[SourceDate "2023.10.10"]
[SourceVersion "1"]
[SourceVersionDate "2023.10.10"]
[SourceQuality "1"]
[WhiteTeam "Dubnica nad Vahom II"]
[BlackTeam "Povazska Bystrica"]
[WhiteTeamCountry "SVK"]
[BlackTeamCountry "SVK"]

1. e4 Nf6 2. e5 Nd5 3. d4 d6 4. c4 Nb6 5. exd6 exd6 6. Nc3 Nc6 7. Be3 Be7 8. Rc1 0-0 9. Be2 Bf6 10. b3 Re8 11. Nf3 Bg4 12. 0-0 Qd7 13. Re1 Ne7 14. Ne4 Qf5 15. Ng3 Qd7 16. h3 Bxf3 17. Bxf3 Nc6 18. Bg4 Qd8 19. Nf5 Bg5 20. f4 Bf6 21. d5 Ne7 22. Bd4 Bxd4+ 23. Nxd4 Ng6 24. Rxe8+ Qxe8 25. Qf3 a6 26. Kf2 Qe7 27. Re1 Qf6 28. Nf5 h6 29. Qe4 Nd7 30. Nxh6+ gxh6 31. Bxd7 Qxf4+ 32. Qxf4 Nxf4 33. Bf5 Kf8 34. Kf3 Ng6 35. Bxg6 fxg6 36. Re6 Kf7 37. Ke4 Re8 38. Rxe8 Kxe8 39. h4 Ke7 40. h5 Kf6 41. hxg6 Kxg6 42. Kf4 Kf6 43. Kg4 Kg6 44. b4 b6 45. a4 h5+ 46. Kh4 1/2-1/2

[Event "SVK-chT1W 2122"]
[Site "Slovakia"]
[Date "2022.03.19"]
[Round "5.8"]
[White "Sosovickova, Jana"]
[Black "Mysiak, Juraj"]
[Result "0-1"]
[WhiteElo "1855"]
[BlackElo "1849"]
[PlyCount "66"]
[EventDate "2021.11.06"]
[EventType "team-tourn"]
[EventRounds "11"]
[EventCountry "SVK"]
[SourceTitle "EXT 2023"]
[Source "ChessBase"]
[SourceDate "2022.10.05"]
[SourceVersion "1"]
[SourceVersionDate "2022.10.05"]
[SourceQuality "1"]
[WhiteTeam "Dubnica nad Vahom II"]
[BlackTeam "Povazska Bystrica"]
[WhiteTeamCountry "SVK"]
[BlackTeamCountry "SVK"]

1. e4 Nf6 2. e5 Nd5 3. d4 d6 4. Nf3 Nc6 5. c4 Nb6 6. b3 Bg4 7. Bb2 e6 8. Be2 dxe5 9. dxe5 Qxd1+ 10. Bxd1 Bb4+ 11. Nfd2 Bxd1 12. Kxd1 0-0-0 13. Ke2 Nd4+ 14. Bxd4 Rxd4 15. g3 Rhd8 16. Rd1 Nd7 17. f4 Nc5 18. a3 Bxd2 19. Nxd2 Rxd2+ 20. Rxd2 Rxd2+ 21. Kxd2 Nxb3+ 22. Kc2 Nxa1+ 23. Kb2 Kd7 24. Kxa1 Kc6 25. Kb2 Kc5 26. Kc3 a6 27. a4 b6 28. h3 c6 29. g4 b5 30. a5 b4+ 31. Kb3 Kd4 32. Kxb4 c5+ 33. Kb3 Ke4 0-1

[Event "SVK-chT3B2 1819"]
[Site "Slovakia"]
[Date "2019.03.24"]
[Round "10.6"]
[White "Orgon, Patrik"]
[Black "Mysiak, Juraj"]
[Result "1/2-1/2"]
[WhiteElo "1475"]
[BlackElo "1814"]
[PlyCount "65"]
[EventDate "2018.10.21"]
[EventType "team-tourn"]
[EventRounds "11"]
[EventCountry "SVK"]
[SourceTitle "CBM 189 Extra"]
[Source "ChessBase"]
[SourceDate "2019.06.03"]
[SourceVersion "1"]
[SourceVersionDate "2019.06.03"]
[SourceQuality "1"]
[WhiteTeam "Dubnica nad Vahom IV"]
[BlackTeam "Povazska Bystrica Sparta"]
[WhiteTeamCountry "SVK"]
[BlackTeamCountry "SVK"]

1. e4 Nf6 2. Nc3 d5 3. exd5 Nxd5 4. Nxd5 Qxd5 5. Nf3 Bg4 6. Be2 Nc6 7. h3 Bh5 8. 0-0 f6 9. c4 Qd7 10. d4 0-0-0 11. d5 Bxf3 12. Bxf3 Ne5 13. Qb3 g5 14. Re1 Nxf3+ 15. Qxf3 h5 16. Qe2 Re8 17. b4 Bg7 18. Rb1 Qf5 19. Qe6+ Qxe6 20. Rxe6 Kd7 21. Re1 e6 22. dxe6+ Rxe6 23. Rxe6 Kxe6 24. Be3 a6 25. Re1 Kf7 26. Bc5 Re8 27. Rd1 Ke6 28. Re1+ Kd7 29. Kf1 Rxe1+ 30. Kxe1 f5 31. f3 g4 32. Ke2 b6 33. Be3 1/2-1/2

[Event "SVK-chT3B2 1819"]
[Site "Slovakia"]
[Date "2019.01.13"]
[Round "5.7"]
[White "Mysiak, Juraj"]
[Black "Flak, Lubomir"]
[Result "1-0"]
[WhiteElo "1814"]
[BlackElo "1635"]
[PlyCount "51"]
[EventDate "2018.10.21"]
[EventType "team-tourn"]
[EventRounds "11"]
[EventCountry "SVK"]
[SourceTitle "CBM 189 Extra"]
[Source "ChessBase"]
[SourceDate "2019.06.03"]
[SourceVersion "1"]
[SourceVersionDate "2019.06.03"]
[SourceQuality "1"]
[WhiteTeam "Povazska Bystrica Sparta"]
[BlackTeam "Handlova"]
[WhiteTeamCountry "SVK"]
[BlackTeamCountry "SVK"]

1. b3 e5 2. Bb2 d6 3. e3 f5 4. d4 Nc6 5. c4 exd4 6. exd4 Nf6 7. Nf3 Be7 8. Be2 0-0 9. 0-0 Ne4 10. Nbd2 Nxd2 11. Qxd2 Bf6 12. Rad1 Kh8 13. a3 b6 14. Rfe1 Bb7 15. Bd3 Qd7 16. d5 Ne7 17. Nd4 Bxd4 18. Bxd4 Ng6 19. Qg5 Qf7 20. Re2 Bc8 21. Rde1 Rg8 22. f4 Bb7 23. Bxf5 Rgf8 24. Bxg6 hxg6 25. Qh4+ Kg8 26. Re7 1-0

[Event "SVK-chT3B2 1617"]
[Site "Slovakia"]
[Date "2016.11.13"]
[Round "3.4"]
[White "Sunal, Jan"]
[Black "Mysiak, Juraj"]
[Result "1-0"]
[WhiteElo "1733"]
[BlackElo "1819"]
[PlyCount "59"]
[EventDate "2016.10.16"]
[EventType "team-tourn"]
[EventRounds "11"]
[EventCountry "SVK"]
[SourceTitle "EXT 2018"]
[Source "ChessBase"]
[SourceDate "2017.10.13"]
[SourceVersion "1"]
[SourceVersionDate "2017.10.13"]
[SourceQuality "1"]
[WhiteTeam "Lehota pod Vtacnikom"]
[BlackTeam "Povazska Bystrica Sparta III"]
[WhiteTeamCountry "SVK"]
[BlackTeamCountry "SVK"]

1. e4 Nf6 2. Nc3 d5 3. e5 Ne4 4. Nxe4 dxe4 5. d4 exd3 6. Bxd3 Nc6 7. Bf4 g6 8. Nf3 Bg4 9. h3 Bxf3 10. Qxf3 Bg7 11. 0-0-0 Qc8 12. Bc4 Qf5 13. g4 Nxe5 14. Qg3 Qf6 15. g5 Qf5 16. Rd5 f6 17. Bxe5 fxe5 18. Kb1 c6 19. Rdd1 Rd8 20. Qb3 b6 21. Be6 Qxf2 22. Rdf1 Qg2 23. Rd1 Rd4 24. Bf7+ Kd8 25. c3 Qe4+ 26. Ka1 Rd6 27. Qa3 Kc8 28. Qxa7 Qf5 29. Qxe7 Rhd8 30. Rxd6 1-0

[Event "SVK-chT3B2 1617"]
[Site "Slovakia"]
[Date "2016.10.30"]
[Round "2.5"]
[White "Rucek, Peter"]
[Black "Mysiak, Juraj"]
[Result "1/2-1/2"]
[WhiteElo "1799"]
[BlackElo "1825"]
[PlyCount "111"]
[EventDate "2016.10.16"]
[EventType "team-tourn"]
[EventRounds "11"]
[EventCountry "SVK"]
[SourceTitle "CBM 175 Extra"]
[Source "ChessBase"]
[SourceDate "2016.12.12"]
[SourceVersion "1"]
[SourceVersionDate "2016.12.12"]
[SourceQuality "1"]
[WhiteTeam "Belusa"]
[BlackTeam "Povazska Bystrica Sparta III"]
[WhiteTeamCountry "SVK"]
[BlackTeamCountry "SVK"]

1. e4 Nf6 2. e5 Nd5 3. d4 d6 4. c4 Nb6 5. exd6 exd6 6. Nf3 Nc6 7. b3 Bg4 8. Be2 Be7 9. Bb2 Bf6 10. 0-0 0-0 11. Nbd2 Re8 12. Re1 Qd7 13. Qc2 Nb4 14. Qd1 Qf5 15. Rf1 Nd7 16. a3 Nd3 17. Bxd3 Qxd3 18. Qb1 Bf5 19. Qxd3 Bxd3 20. Rfe1 g6 21. Re3 Bf5 22. Rae1 Kf8 23. h3 h5 24. Ne4 Bxe4 25. Rxe4 Rxe4 26. Rxe4 Re8 27. Rxe8+ Kxe8 28. Kf1 c6 29. Bc1 c5 30. dxc5 Nxc5 31. b4 Nd3 32. Be3 a6 33. Ke2 Nb2 34. c5 dxc5 35. Bxc5 Nc4 36. a4 Kd7 37. Nd2 Nb2 38. a5 Na4 39. Ne4 Bg7 40. Ke3 Nxc5 41. Nxc5+ Kc6 42. Kd3 Kb5 43. Nxb7 Kxb4 44. f4 Bf8 45. g4 hxg4 46. hxg4 Be7 47. Kd4 Kb5 48. Kd5 f5 49. gxf5 gxf5 50. Ke6 Bb4 51. Kxf5 Kc6 52. Nd8+ Kd7 53. Ne6 Bxa5 54. Nc5+ Kc6 55. Nxa6 Bd2 56. Ke5 1/2-1/2

[Event "SVK-chT3B2 1516"]
[Site "Slovakia"]
[Date "2016.01.10"]
[Round "5.3"]
[White "Mysiak, Juraj"]
[Black "Kurtulik, Andrej"]
[Result "1/2-1/2"]
[WhiteElo "1832"]
[BlackElo "1848"]
[PlyCount "136"]
[EventDate "2015.10.11"]
[EventType "team-tourn"]
[EventRounds "11"]
[EventCountry "SVK"]
[SourceTitle "CBM 170 Extra"]
[Source "ChessBase"]
[SourceDate "2016.02.25"]
[SourceVersion "1"]
[SourceVersionDate "2016.02.25"]
[SourceQuality "1"]
[WhiteTeam "Povazska Bystrica III"]
[BlackTeam "Prievidza II"]
[WhiteTeamCountry "SVK"]
[BlackTeamCountry "SVK"]

1. b3 e5 2. Bb2 Nc6 3. e3 d5 4. Nf3 e4 5. Nd4 Nxd4 6. Bxd4 c5 7. Bb2 Nf6 8. d3 Bd6 9. Nd2 exd3 10. Bxd3 0-0 11. 0-0 Re8 12. c4 dxc4 13. Bxc4 Bf5 14. Nf3 Bg4 15. Bxf6 Qxf6 16. Qd5 Bxf3 17. Qxf3 Qxf3 18. gxf3 Be5 19. Rad1 Rad8 20. Kg2 Kf8 21. Bb5 Rxd1 22. Rxd1 Rc8 23. f4 Bf6 24. Rd7 a6 25. Bc4 b5 26. Bxf7 c4 27. bxc4 bxc4 28. Be6 c3 29. Rf7+ Ke8 30. Bxc8 Kxf7 31. Bf5 g6 32. Bc2 Ke6 33. Kf3 Kd5 34. e4+ Kd4 35. e5 Be7 36. e6 a5 37. f5 Ke5 38. fxg6 hxg6 39. Bxg6 Kxe6 40. Bc2 Kd5 41. Ke3 Kc4 42. h3 Kb4 43. Kd3 Bf6 44. Bb3 a4 45. Be6 Kc5 46. Bd7 Kb4 47. f3 Ka3 48. Kc2 Kxa2 49. Bxa4 Ka3 50. Bd7 Kb4 51. Bf5 Kc4 52. Kd1 Kd4 53. Ke2 Ke5 54. Bc2 Kf4 55. Kf2 Bd4+ 56. Kg2 Ke3 57. Kg3 Kd2 58. Bf5 c2 59. Bxc2 Kxc2 60. h4 Kd3 61. Kf4 Bh8 62. h5 Kd4 63. Kf5 Kd5 64. f4 Kd6 65. Ke4 Ke6 66. f5+ Kf6 67. Kf4 Bg7 68. Kg4 Bh6 1/2-1/2

[Event "SVK-chT3B2 1314"]
[Site "Slovakia"]
[Date "2013.12.01"]
[Round "4.2"]
[White "Mysiak, Juraj"]
[Black "Hoppan, Igor1111"]
[Result "1-0"]
[WhiteElo "1823"]
[BlackElo "1435"]
[PlyCount "51"]
[EventDate "2013.10.13"]
[EventType "team-tourn"]
[EventRounds "14"]
[EventCountry "SVK"]
[SourceTitle "EXT 2015"]
[Source "ChessBase"]
[SourceDate "2014.11.20"]
[SourceVersion "1"]
[SourceVersionDate "2014.11.20"]
[SourceQuality "1"]
[WhiteTeam "Povazska Bystrica SK Sparta II"]
[BlackTeam "Prievidza SK III"]
[WhiteTeamCountry "SVK"]
[BlackTeamCountry "SVK"]

1. b3 e5 2. Bb2 Nc6 3. e3 Nf6 4. Nf3 d6 5. c4 Bg4 6. Be2 Be7 7. 0-0 0-0 8. d4 exd4 9. Nxd4 Bxe2 10. Qxe2 Nxd4 11. Bxd4 Re8 12. Nd2 h6 13. Qd3 Nh7 14. Ne4 Bf6 15. Nxf6+ Nxf6 16. f3 Re6 17. Rad1 Qe7 18. Rfe1 b6 19. e4 c5 20. Bb2 Nh5 21. Qd5 Re8 22. Qxh5 Qg5 23. Rd5 Qxh5 24. Rxh5 Kh7 25. Rd1 Kg6 26. Rhd5 1-0

[Event "Zilina Region-ch"]
[Site "Zilina"]
[Date "2013.05.18"]
[Round "3"]
[White "Mysiak, Juraj"]
[Black "Tatransky, Viliam"]
[Result "1-0"]
[WhiteElo "1823"]
[BlackElo "1432"]
[PlyCount "57"]
[EventDate "2013.05.17"]
[EventType "swiss"]
[EventRounds "6"]
[EventCountry "SVK"]
[SourceTitle "CBM 154 Extra"]
[Source "ChessBase"]
[SourceDate "2013.06.25"]
[SourceVersion "2"]
[SourceVersionDate "2013.06.25"]
[SourceQuality "1"]

1. b3 e5 2. Bb2 Nc6 3. Nf3 d6 4. e3 Bg4 5. Be2 f5 6. d4 e4 7. Nfd2 Bxe2 8. Qxe2 d5 9. c4 Nf6 10. Nc3 Nb4 11. 0-0 Nd3 12. Rab1 c6 13. f3 Be7 14. cxd5 cxd5 15. fxe4 Nxb2 16. Rxb2 fxe4 17. Qb5+ Qd7 18. Qxd7+ Kxd7 19. Rf5 Bb4 20. Nxd5 Bxd2 21. Rxd2 Rhf8 22. Rdf2 Rac8 23. Nxf6+ gxf6 24. Rxf6 Rxf6 25. Rxf6 Rc1+ 26. Kf2 Rc2+ 27. Kg3 Rxa2 28. Rf7+ Kc6 29. Rxh7 1-0

[Event "SVK-chT3B2 1112"]
[Site "Slovakia"]
[Date "2011.10.23"]
[Round "1.4"]
[White "Cesnek, Peter"]
[Black "Mysiak, Juraj"]
[Result "0-1"]
[WhiteElo "1663"]
[BlackElo "1808"]
[PlyCount "50"]
[EventDate "2011.10.23"]
[EventType "team-tourn"]
[EventRounds "9"]
[EventCountry "SVK"]
[SourceTitle "EXT 2013"]
[Source "ChessBase"]
[SourceDate "2012.11.22"]
[SourceVersion "1"]
[SourceVersionDate "2012.11.22"]
[SourceQuality "1"]
[WhiteTeam "Povazska Bystrica Sparta III"]
[BlackTeam "Povazska Bystrica Sparta II"]
[WhiteTeamCountry "SVK"]
[BlackTeamCountry "SVK"]

1. e4 Nf6 2. e5 Nd5 3. c4 Nb6 4. d4 d6 5. f4 dxe5 6. fxe5 Nc6 7. Nf3 Bg4 8. Be3 e6 9. Nc3 Be7 10. c5 Nd5 11. Nxd5 Qxd5 12. Be2 0-0 13. h3 Bf5 14. 0-0 f6 15. b3 fxe5 16. g4 Be4 17. Bc4 Qd7 18. dxe5 Qxd1 19. Bxe6+ Kh8 20. Raxd1 Bxf3 21. Rd7 Bh4 22. Rxc7 Nxe5 23. Bd4 Bg3 24. Bf5 Be2 25. Bxe5 Bxe5 0-1

[Event "Karvina op"]
[Site "Karvina"]
[Date "2011.07.07"]
[Round "6"]
[White "Fuskova, Martina"]
[Black "Mysiak, Juraj"]
[Result "1-0"]
[WhiteElo "1677"]
[BlackElo "1865"]
[PlyCount "111"]
[EventDate "2011.07.02"]
[EventType "swiss"]
[EventRounds "9"]
[EventCountry "CZE"]
[SourceTitle "CBM 143 Extra"]
[Source "ChessBase"]
[SourceDate "2011.08.29"]
[SourceVersion "1"]
[SourceVersionDate "2011.08.29"]
[SourceQuality "1"]

1. e4 Nf6 2. e5 Nd5 3. c4 Nb6 4. d4 d6 5. exd6 exd6 6. Nc3 Nc6 7. h3 Bf5 8. Nf3 Nb4 9. Qe2+ Qe7 10. Qxe7+ Bxe7 11. Kd1 0-0 12. a3 Nd3 13. Bxd3 Bxd3 14. b3 h6 15. Bf4 Bf6 16. Kd2 Bg6 17. Rhe1 Rfe8 18. Nb5 Rxe1 19. Rxe1 c5 20. d5 Bb2 21. Re7 a6 22. Nxd6 Bxa3 23. Ne5 Bb4+ 24. Kd1 Bb1 25. Nxb7 Ba2 26. Kc2 Nxd5 27. cxd5 c4 28. Nxc4 Bxe7 29. Kb2 Bxb3 30. Kxb3 g5 31. Bg3 f5 32. Be5 Kf7 33. Ka4 Ke8 34. Nbd6+ Bxd6 35. Nxd6+ Kd7 36. Nxf5 Rf8 37. g4 Re8 38. Bg3 Re1 39. Nxh6 Ra1+ 40. Kb3 a5 41. Kb2 Rh1 42. Nf7 Rxh3 43. Nxg5 Rh8 44. Ka3 Rb8 45. Bxb8 Kd8 46. d6 Kd7 47. f4 a4 48. Kxa4 Ke8 49. f5 Kd8 50. f6 Ke8 51. f7+ Kf8 52. d7 Ke7 53. d8Q+ Kxd8 54. f8Q+ Kd7 55. Qd6+ Ke8 56. Qe6+ 1-0